Представление документа в формате RUSMARC

Поле Инд. ПП Название Значение
Тип записи a
Библиографический уровень a
001 Контрольный номер 360129da270c4f6f930829c6996679a0
005 Дата корректировки 20230619114326.3
100 a Данные общей обработки 20221021 ||| 0rusy0189 ca
101 0_ a Язык текста rus
102 a Страна публикации RU
200 1_ f Первые сведения об ответственности А.А. Спиридонов
a Заглавие Общественный контроль: эволюция взглядов в контексте российского конституционализма и значимость для современного государства
b Общее обозначение материала Текст
203 a Вид содержания Текст : электронный
210 1_ d Дата издания 2022
300 a Общие примечания Чтение статьи доступно в Источнике
336 a Примечание о виде электронного ресурса PDF
461 _0 1 2000
a Российское правосудие
463 _0 1 2000
b Электронный ресурс
a № 10
v С. 45-57
1 2101
d 2022
1 001151863527c0241008eff2245d0b99ab4
606 a Основная рубрика Право. Юридические науки
x Основная подрубрика Конституционное (государственное) право
610 0_ a Ключевые слова КОНТРОЛЬ КОНСТИТУЦИОННЫЙ
a Ключевые слова КОНТРОЛЬ МУНИЦИПАЛЬНЫЙ
a Ключевые слова КОНТРОЛЬ ОБЩЕСТВЕННЫЙ
700 _1 a Фамилия Спиридонов
b Имя А.А.
801 _0 a Страна RU
b Организация РГУП
c Дата составления 20221021
g Правила каталогизации PSBO
801 _1 a Страна RU
b Организация РГУП
c Дата составления 20221021
g Правила каталогизации PSBO
900 a Макрообъекты RP-10-2022-45-57
901 t Тип документа b
w Контрольный № источника 151863527c0241008eff2245d0b99ab4
905 a Дата ввода 20221021